HOW JUDGES DECIDE CASES READING, WRITING AND ANALYSING JUDGMENTS (Record no. 9905)

MARC details
000 -LEADER
fixed length control field 00388nam a22001577a 4500
003 - CONTROL NUMBER IDENTIFIER
control field SGT
020 ## - INTERNATIONAL STANDARD BOOK NUMBER
International Standard Book Number 9788175346376
082 ## - DEWEY DECIMAL CLASSIFICATION NUMBER
Classification number 347.70942,GOO
100 ## - MAIN ENTRY--PERSONAL NAME
Personal name GOODMAN, ANDREW
245 ## - TITLE STATEMENT
Title HOW JUDGES DECIDE CASES READING, WRITING AND ANALYSING JUDGMENTS
250 ## - EDITION STATEMENT
Edition statement 1ST
260 ## - PUBLICATION, DISTRIBUTION, ETC. (IMPRINT)
Place of publication, distribution, etc NEW DELHI
Name of publisher, distributor, etc UNIVERSAL BOOK
Year of Publication 2009
300 ## - PAGE DESCRIPTION
No. of Pages 222
650 ## - SUBJECT ADDED ENTRY--TOPICAL TERM
Topical term or geographic name as entry element DECIDE CASES
942 ## - ADDED ENTRY ELEMENTS (KOHA)
Source of classification or shelving scheme Dewey Decimal Classification
Koha item type FPS Books
942 ## - ADDED ENTRY ELEMENTS (KOHA)
-- 1
Holdings
Withdrawn status Lost status Source of classification or shelving scheme Damaged status Not for loan Collection code Home library Current library Shelving location Date acquired Vendor Name Cost, normal purchase price SGTU Bill Number Full call number Accession No. (Barcode) Date last seen Bill Date Koha item type Total Checkouts Date last borrowed
    Dewey Decimal Classification   Not For Loan LAW SGT Science & Social Sciences Library SGT Science & Social Sciences Library Reference Book 31/10/2014 Jupiter Law Book Company 350.00 SGTU 856 347.70942,GOO FL493 25/02/2021 25/02/2021 Books    
    Dewey Decimal Classification     LAW SGT Science & Social Sciences Library SGT Science & Social Sciences Library Text Book 31/10/2014 Jupiter Law Book Company 350.00 SGTU 856 347.70942,GOO FL494 30/03/2026 31/10/2014 Books 2 11/03/2026